LEADER 01553nam a2200313 i 4500 001 000000134334 003 CaOOAMICUS 005 20110208000000.0 008 110208s2004 fr u000 u fre u 013 $a107502 020 $a2-204-07331-8 040 $aSeMil$bita 245 10$aRenouveau liturgique :$bdocuments fondateurs /$cCentre national de pastorale liturgique. 260 $aParis :$bLes Éditions du Cerf,$c2004. 300 $aXVII, 126 p. ;$c22 cm. 490 0 $aLiturgie ;$v14 500 $aContiene : Appendice ; Bibliographie. 650 4$aConcilio Vaticano II <1962-1965> - Costituzione sulla Sacra Liturgia . Sacrosanctum Concilium.$0(OLS)http://semarc/subject/8727 650 4$aLiturgia - Documenti.$0(OLS)http://semarc/subject/1041 650 4$aRinnovamento liturgico - Chiesa cattolica - Documenti pontifici.$0(OLS)http://semarc/subject/26417 650 4$aRinnovamento liturgico - Chiesa cattolica - 1970-2000.$0(OLS)http://semarc/subject/26418 710 2 $aService National de Pastorale Liturgique et Sacramentelle .$0(OLS)http://semarc/name/2025 830 0$aLiturgie ;$v14.$0(OLS)http://semarc/title/432467 850 $aSeMil 852 $aSeMil$W1$xVenegono$y1$m3K III 482$j88093$B88093$CSeMilBibl$Z2$F92683 $81 961 $aSottoscrizione: SODIS 996 $6020$a2-204-07331-8$9(OLS)http://semarc/number/121514 996 $6245$aRenouveau liturgique :$bdocuments fondateurs$9(OLS)http://semarc/title/196547 996 $6260$aParis :$bLes Éditions du Cerf$9(OLS)http://semarc/publisher/29611 LEADER 01342nas a2200193 i 4500 001 000000002599 003 CaOOAMICUS 005 20251127105037.0 008 180830d19291943it qr p u0 0ita r 040 $aSeMil$bita 245 03$aIl Pensiero missionario :$brivista trimestrale di cultura missionaria. 260 $aRoma :$bUnione Missionaria del Clero in Italia,$c1929-1943. 510 4 $aCod. rivista ACNP:$cP 00057229 710 22$aUnione Missionaria del Clero in Italia .$0(OLS)http://semarc/name/8200 850 $aSeMil 852 $aSeMil$W1$xVenegono$y1$pCliccare per visualizzare collocazione e posseduto cumulativo

Cliccare per visualizzare eventuali spogli (alla eventuale voce ?Indici? in fondo di pagina)$B256296$CSeMilBibl$Z2$F256296 $85 996 $6245$aIl Pensiero missionario :$brivista trimestrale di cultura missionaria$9(OLS)http://semarc/title/4405 996 $6260$aRoma :$bUnione Missionaria del Clero in Italia$9(OLS)http://semarc/publisher/35743